00929nam a22002411 450000100060000000300080000600500170001400800410003103500190007204000320009104100080012308200220013124501250015326000390027830000330031750400410035065100520039170000300044370000480047394200120052199900170053395201370055036386BD-RjUL20211209052459.0140622s1960 maua b 000 0 eng d a(BD-RjUL)36483 aDLCcDLCdDLCdBD-RjULbeng aeng00a320.973bPRO 196010aProfile of American politics :breadings in American Government /cedited by Ernest W. Lefever and Walter V. Hohenstein. aBoston :bHoughton Mifflin,c1960. aXI, 367 p. :bill. ;c26 cm. aIncludes bibliographical references. 0aUnited StatesxPolitics and government.91107201 aLefever, Ernest W.9168041 aHohenstein, Walter Vick.ejoint ed.9110721 2ddccBK c36386d36386 00102ddc40718NFICaRUCLbRUCLcReadingd1991-07-17eShamsun naharl0o320.973 PRO 1960r2014-06-22 00:00:00tC-1w2021-12-09yBK